000 00329 a2200157 4500
001 154672
040 _cEscola São Tomás de Aquino
100 _aSIQUEIRA Sonia A.
240 1 0 _aA inquisição
_lpor
245 1 0 _aA inquisição
300 _a63
362 0 _a1998
440 1 _aFTD
697 _aHISTÓRIA
942 _cBK
999 _c154672
_d154672